01022nam a22002657a 45000010005000000030006000050050017000110080041000280200018000690400029000870500013001160820008001291000031001372450147001682500042003152600035003573000059003925050008004515200165004595210020006245210020006446000029006646500026006937000037007193274FISKH20251126115934.0240222b cb ||||| |||| 00| 0 eng d a9780545600200 aFISKHbengcFISKHdFISKH aPZ7.Z715 a635 aZoehfeld, Kathleen Weidner aSecrets of the garden : bFood chanins and the food web in our backyard /cby Zoehefeld , Kathleen Weidner ; illustrated by Lamont, Priscilla  aFirst Scholastic printing, April 2013 aNew York :bScholastic, c2012 a39 unnumbered pages : bcolor illustrations ;c21 cm.  aO  aDepicts a family of four who make their garden their summer home as they prepare the soil, plant seeds, water the garden, and watch for a harvest of vegetables.8 a610 bLexile 8 aO bRaz-Plus  2food chain vnon-fiction afood webvnon-fiction aLamont, Priscilla dillustrator